|
|
|
|
| LEADER |
00684nab a2200145 i 4500 |
| 001 |
delm69683 |
| 005 |
20180927153751.0 |
| 008 |
180927s1964 hu o 0|| hun d |
| 040 |
|
|
|a SZTE Délmagyarország Archívum
|b hun
|
| 041 |
|
|
|a hun
|
| 245 |
0 |
0 |
|a Több mint 33 millió a vasúti kocsik, mozdonyok felújítására
|h [elektronikus dokumentum] :
|b befejezik a szegedi nagyállomás épületeinek és az algyői Tisza-hídnak a javítását
|
| 260 |
|
|
|c 1964-01-26
|
| 300 |
|
|
|a 1
|
| 490 |
0 |
|
|a Délmagyarország
|v 54 No. 21
|
| 695 |
|
|
|a Kiss Károly, Iparfejlesztés újítás vasúti pályák Szeged 1964, Vasútfejlesztés Szeged 1964, Vasút Magyarország 1964, Vasúti híd Algyő 1964, vasutak, MÁV
|